Guess the Taylor Swift's song by the Chorus #3 - Statistics

General Stats
  • This quiz has been taken 1,073 times
  • The average score is 11 of 15
Answer Stats
Chorus Song % Correct
" Say my name and everything just stops, I don't want you like a best friend, only bought this dress so you could take it off, take it off, ha, ha, ha-ah, carve your name into my bedpost, ’cause I don't want you like a best friend, only bought this dress so you could take it off, take it off, ha, ha, ha-ah " Dress - reputation
94%
" Rain came pouring down when I was drowning, that's when I could finally breathe, and by morning, gone was any trace of you, I think I am finally (.....) " Clean - 1989
89%
" And that's the thing about (....... .......), and clandestine meetings and longing stares, it's born from just one single glance, but it dies and it dies and it dies, a million little times " illicit affairs - folklore
85%
" Hush, when no one is around, my dear, you'll find me on my tallest tiptoes, spinning in my highest heels, love, shining just for you, hush, I know they said the end is near, but I'm still on my tallest tiptoes, spinning in my highest heels, love, shining just for you " mirrorball - folklore
82%
" But we might just get away with it, religion's in your lips, even if it's a (..... ...), we'd still worship, we might just get away with it, the altar is my hips, even if it's a (..... ...), we'd still worship this love, we’d still worship this love, we’d still worship this love " False God - Lover
80%
" Don't read the last page, but I stay when it’s hard or it’s wrong or we're making mistakes, I want your midnights, but I’ll be cleaning up bottles with you on (... ..... ...) " New Year's Day - reputation
79%
" You can hear it in the silence (Silence), silence (Silence), you, you can feel it on the way home (Way home), way home (Way home), you, you can see it with the lights out (Lights out), lights out (Lights out), (... ... .. ....), true love " Your Are In Love - 1989
79%
" Sweet tea in the summer, cross your heart, won't tell no other, and though I can’t recall your face, I still got love for you, your braids like a pattern, love you to the Moon and to Saturn, passed down like folk songs, the love lasts so long " seven - folklore
77%
" (. ...... .... ... .......), and I thought that it would kill me, but it didn't, and it was so nice, so peaceful and quiet, (. ...... .... ... .......), it isn't love, it isn't hate, it's just indifference " I Forgot That You Existed - Lover
75%
" You really blew this (....), we ain't getting through this one, (....), this is the last time I'll ever call you, (....) (This is the last time, this is the last time) this is the last time I'll ever call you, (....) (What about your promises, promises, promises?) " Babe (Taylor’s Version) [From the Vault] - Red (Taylor's Version)
71%
" And this is when the feeling sinks in, I don't wanna miss you like this, (.... .... .. ....), (.... .... .. ....), I guess you're in New York today, I don't wanna need you this way, (.... .... .. ....), (.... .... .. ....) " Come Back...Be Here (Taylor’s Version) - Red (Taylor's Version)
71%
" And I stare at the phone, he still hasn't called, and then you feel so low you can't feel nothing at all, and you flashback to when he said, "(....... ... ......)", oh, and it rains in your bedroom, everything is wrong, it rains when you're here and it rains when you're gone, 'cause I was there when you said, "(....... ... ......)" " Forever & Always (Taylor’s Version) - Fearless (Taylor's Version)
68%
" I don't like anticipatin' my face in a red flush, I don't like that anyone would die to feel your touch, everybody wants you, everybody wonders what it would be like to love you, walk past, quick brush, I don't like slow motion, double vision in rose blush, I don't like that falling feels like flying 'til the bone crush, everybody wants you " gold rush - evermore
68%
" Come back, come back, come back to me like you would, you would (.. .... ... . .....), stand in the rain outside 'til I came out, come back, come back, come back to me like, you could, you could if you just said you're sorry, I know that we could work it out somehow, but (.. .... ... . .....), you'd be here by now " If This Was a Movie - Speak Now
63%
" Over and over, lost again with no surprises, disappointments, close your eyes, and it gets colder and colder, when the sun goes down " coney island - evermore
46%
No matching quizzes found
Score Distribution
Percent of People with Each Score
Percentile by Number Answered
Your Score History
You have not taken this quiz